00693nam a2200181Ia 4500100002800000250000600028942000700034654002100041245003100062260003300093082001300126300000800139546001200147999001700159952011500176952010500291952011500396 aMishra/ Chandrasekaran  a2 cBK acomputer science aTheory of Computer Science bPrentice Hall of Indiac2004 a4.1bMIS a304 aENGLISH c30820d30820 001040708CRCaCRCEbCRCEd2023-03-17l1o4.1 MISp15927q2024-09-23r2024-06-25s2024-06-25w2023-03-17yBK 001040708CRCaCRCEb428d2023-03-17l2m1o4.1 MISp15928r2026-02-04s2026-01-12w2023-03-17yBK 001040708CRCaCRCEb1234d2023-03-17l1o4.1 MISp15929q2021-10-17r2023-06-12s2023-06-12w2023-03-17yBK